Ovocnické rozhledy illustrovaný časopis, věnovaný všem otázkám racionelního ovocnictví

Bibliographic Details
New Title:Ovocnářství a zelinářství
Format: Serial
Language:Czech
PhysicalDescription:43 zv. cm
Published: V Praze Ferd. Macháček 1910-1952
V Praze Československá jednota ovocnická
ISSN:2533-6894
0472-3120
Subjects:

MARC

LEADER 00000cas a2200000 a 4500
001 vtls009296428
003 SK-MaSNL
005 20260228162331.0
008 080522d19101952xr mr 0 0cze c
022 |a 2533-6894 
040 |a SNK  |b slo  |c SNK  |e AACR2 
041 0 |a cze 
044 |a xr  |c CZ 
072 7 |a 634  |x Ovocinárstvo  |2 konspekt 
080 |a 634  |2 2011 
080 |a (051)-027.561  |2 2011 
080 |a 050  |2 2011 
245 0 0 |a Ovocnické rozhledy  |b illustrovaný časopis, věnovaný všem otázkám racionelního ovocnictví 
246 3 3 |a Ovocnářský oběžník 
260 |a V Praze  |b Ferd. Macháček  |c 1910-1952 
260 3 |3 1945-1952  |a V Praze  |b Československá jednota ovocnická 
300 |a 43 zv.  |c cm 
310 |a 1x mesačne 
362 0 |a Roč. 1, č. 1 (1910) - roč. 43, č. 12 (1952) 
500 |a Popis podľa: Roč. 39, č. 1-12, 1948 
500 |a Zmeny podnázvu: odborný časopis věnovaný veškerým otázkám ovocnickým ; věstník československé ovocnické společnosti ; věstník Československé jednoty ovocnické v Praze 
650 0 7 |a ovocinárstvo  |2 SNKPH  |9 16370 
655 7 |a odborné časopisy  |2 SNKPH  |9 70505 
785 0 0 |t Ovocnářství a zelinářství  |x 0472-3120 
910 |a snk 
999 |c 7600  |d 9530 
952 |0 0  |1 1  |4 0  |7 0  |a SNK  |b SNK  |d 2008-05-22  |i snk22/50  |l 0  |o snkČB 414/39/1948  |p 17A0585242  |r 2026-02-21 21:12:26  |t č. 1-12  |w 2026-02-21  |y PREZ